| 000 | 00634ntaaa2200193 4500 | ||
|---|---|---|---|
| 003 | 01 | ||
| 005 | 20251027201206.0 | ||
| 008 | 0714s1973 ag 01 | ||
| 040 |
_aAR-BaBN _bspa _cAR-BaBN _eaacr _dRIC |
||
| 082 | _a220.56 B66 | ||
| 100 |
_aBiblia. Castellano. Bover-Cantera. 1957 _99828 |
||
| 245 |
_aSagrada Biblia / _cBiblia. Castellano. Bover-Cantera. 1957 |
||
| 250 | _a5 ed. | ||
| 260 |
_aMadrid : _bBiblioteca de Autores Cristianos, _c1957 |
||
| 300 |
_axvi, 1649 p. ; _cil., mapas ; 20 cm |
||
| 500 | _aVersión crítica sobre los textos Hebreo y Griego. | ||
| 650 |
_aBiblia. Español. Bover-Cantera. 1957 _99829 |
||
| 942 | _cBK | ||
| 999 |
_c6213 _d6213 |
||